000 00745cam a2200265 a 4500
005 20260322212021.0
008 data
010 _a 2012371161
020 _a9780345535412 (pbk.)
040 _aDLC
_cDLC
042 _apcc
050 0 0 _aPS3563.A7239
_bC58 2012
099 _aMARTI G
100 1 _aMartin, George R. R.
245 1 2 _aA clash of kings /
_cGeorge R. R. Martin.
250 _aBantam Books trade pbk. tie-in ed.
260 _aNew York :
_bBantam Books,
_c2012.
300 _a761 p. :
_bill. ;
_c24 cm.
490 0 _aA song of ice and fire ;
_vbk. 2
500 _aSequel to: A game of thrones.
500 _aMaps on endpapers.
655 7 _aFantasy fiction.
_2gsafd
730 0 _aGame of thrones (Television program)
001 data
999 _c480
_d480